The pioneers, or the sources of the Susquehanna

Saved in:
Bibliografiske detaljer
Hovedforfatter: Cooper, James Fenimore (Author)
Format: Bog
Sprog:engelsk
Udgivet: Nueva York New American Library 1964
Serier:Signet Classic
Fag:
Tags: Tilføj Tag
Ingen Tags, Vær først til at tagge denne postø!

MARC

LEADER 00000nam a2200000 a 4500
001 UCQ3662
003 CL-VaPUC
008 980821e19640000US |||||||||||||||||eng|d
082 0 4 |a 813  |b COO  |2 21 
100 0 |a Cooper, James Fenimore  |e author  |9 319559 
245 1 4 |a The pioneers, or the sources of the Susquehanna 
300 |a 447 p 
942 |c BK 
945 |d 19980821 00:00:00  |a crobeson 
260 |a Nueva York  |b New American Library  |c 1964 
650 0 |a Novelas estadounidenses  |9 265217 
650 0 |a Literatura estadounidense  |9 317168 
583 |a last modification  |c 19980821 00:00:00  |k Rodrigo Vera 
490 0 |a Signet Classic 
999 |c 274179  |d 274177 
952 |0 0  |1 0  |4 0  |6 813_000000000000000_COO_1964  |7 0  |8 A  |9 310283  |a BIBEDU  |b BIBEDU  |d 2019-11-20  |i 1456830  |o 813 COO 1964  |p 1456830  |r 2019-11-20  |w 2019-11-20  |y BK  |k LIT